Quantum Chemistry including Spectroscopy (Record no. 1867)
[ view plain ]
| 000 -LEADER | |
|---|---|
| fixed length control field | 00445nam a22001577a 4500 |
| 005 - DATE AND TIME OF LATEST TRANSACTION | |
| control field | 20241130141815.0 |
| 008 - FIXED-LENGTH DATA ELEMENTS--GENERAL INFORMATION | |
| fixed length control field | 241130b |||||||| |||| 00| 0 eng d |
| 020 ## - INTERNATIONAL STANDARD BOOK NUMBER | |
| International Standard Book Number | 9788127235697 |
| 050 ## - LIBRARY OF CONGRESS CALL NUMBER | |
| Classification number | QD462 SEN |
| 100 ## - MAIN ENTRY--PERSONAL NAME | |
| Personal name | Sen, B. K. |
| 245 ## - TITLE STATEMENT | |
| Title | Quantum Chemistry including Spectroscopy |
| Statement of responsibility, etc. | B. K. Sen |
| 250 ## - EDITION STATEMENT | |
| Edition statement | 3rd ed. |
| 260 ## - PUBLICATION, DISTRIBUTION, ETC. | |
| Place of publication, distribution, etc. | Ludhiana, New Delhi |
| Name of publisher, distributor, etc. | Kalyani Publishers |
| Date of publication, distribution, etc. | 2008 |
| 300 ## - PHYSICAL DESCRIPTION | |
| Extent | 422p. |
| Other physical details | ill. |
| Dimensions | 22.5cm |
| 942 ## - ADDED ENTRY ELEMENTS (KOHA) | |
| Source of classification or shelving scheme | Library of Congress Classification |
| Koha item type | Books |
| Edition | 3rd ed. |
| Suppress in OPAC | No |
| 999 ## - | |
| -- | 1867 |
| -- | 1867 |
| Withdrawn status | Lost status | Source of classification or shelving scheme | Damaged status | Not for loan | Collection | Home library | Current library | Shelving location | Date acquired | Total checkouts | Full call number | Barcode | Date last seen | Copy number | Price effective from | Koha item type |
|---|---|---|---|---|---|---|---|---|---|---|---|---|---|---|---|---|
| Library of Congress Classification | Non-fiction | Science Library (Miotso) | Science Library (Miotso) | General stacks | 11/30/2024 | QD462 SEN | SLM00001082 | 11/30/2024 | 1 | 11/30/2024 | Books | |||||
| Library of Congress Classification | Non-fiction | Science Library (Miotso) | Science Library (Miotso) | General stacks | 11/30/2024 | QD462 SEN | SLM00001083 | 11/30/2024 | 2 | 11/30/2024 | Books | |||||
| Library of Congress Classification | Non-fiction | Science Library (Miotso) | Science Library (Miotso) | General stacks | 11/30/2024 | QD462 SEN | SLM00001084 | 11/30/2024 | 3 | 11/30/2024 | Books | |||||
| Library of Congress Classification | Non-fiction | Science Library (Miotso) | Science Library (Miotso) | General stacks | 11/30/2024 | QD462 SEN | SLM00001085 | 11/30/2024 | 4 | 11/30/2024 | Books | |||||
| Library of Congress Classification | Non-fiction | Science Library (Miotso) | Science Library (Miotso) | General stacks | 11/30/2024 | QD462 SEN | SLM00001086 | 11/30/2024 | 5 | 11/30/2024 | Books |